[Event "Frankfurt Ch 2007"]
[Site "Ffm-Kalbach, LAZ"]
[Date "2007.05.21"]
[Round "4.27"]
[White "Bischoff, Ulrich"]
[Black "Wolff, Michael"]
[Result "1-0"]
[WhiteElo "2090"]
[BlackElo "1958"]
[PlyCount "111"]
[EventDate "2007.??.??"]

1. e4 c5 2. Nf3 Nc6 3. d4 cxd4 4. Nxd4 Nf6 5. Nc3 e5 6. Ndb5 d6 7. Bg5 a6 8.
Na3 b5 9. Nd5 Be7 10. Bxf6 Bxf6 11. c3 O-O 12. Nc2 Bg5 13. a4 bxa4 14. Rxa4 a5
15. Bc4 Rb8 16. b3 Kh8 17. Nce3 g6 18. h4 Bxe3 19. Nxe3 Kg7 20. h5 Ne7 21. Qd2
Ng8 22. hxg6 hxg6 23. Nd5 Be6 24. f3 Re8 25. g4 Bxd5 26. Bxd5 Qf6 27. Rh3 Qf4
28. Qxf4 exf4 29. Rxa5 Nf6 30. b4 Re5 31. Kd2 Nxd5 32. Rxd5 Rxd5+ 33. exd5 Rb5
34. Kd3 Rxd5+ 35. Kc4 Rd1 36. b5 Kf6 37. Rh2 Rb1 38. Re2 Rf1 39. Kd5 Rxf3 40.
c4 Rd3+ 41. Kc6 Kg5 42. Rb2 f5 43. gxf5 Kxf5 44. b6 Re3 45. b7 Re8 46. Kxd6 f3
47. c5 g5 48. c6 g4 49. c7 Re6+ 50. Kd5 Re5+ 51. Kd4 Re4+ 52. Kd3 Kf4 53. c8=Q
Re3+ 54. Kd4 Re4+ 55. Kd5 Re5+ 56. Kd6 1-0

[Event "Frankfurt Ch 2007"]
[Site "Ffm-Kalbach, LAZ"]
[Date "2007.05.21"]
[Round "4.28"]
[White "Hierling, Stefan"]
[Black "Müllergroß, Christian"]
[Result "1-0"]
[WhiteElo "1891"]
[BlackElo "1559"]
[PlyCount "73"]
[EventDate "2007.??.??"]

1. e4 e6 2. d4 d5 3. exd5 exd5 4. Nc3 Nf6 5. Bb5+ c6 6. Bd3 Bd6 7. Bg5 O-O 8.
Nge2 Bg4 9. Qd2 Nbd7 10. h3 Bh5 11. O-O Bg6 12. a3 Bxd3 13. Qxd3 Qc7 14. Bh4
Rfe8 15. Bg3 Ne4 16. Nxe4 Rxe4 17. Bxd6 Qxd6 18. Ng3 Ree8 19. Rae1 g6 20. Qd2
Kg7 21. Qg5 Kh8 22. c3 Nf6 23. Re5 Ne4 24. Nxe4 dxe4 25. Qf4 Rxe5 26. dxe5 Qe6
27. Qxe4 Re8 28. Re1 f6 29. f4 g5 30. fxg5 Qxe5 31. Qxe5 Rxe5 32. Rxe5 fxe5 33.
Kf2 Kg7 34. Kf3 Kg6 35. Kg4 e4 36. h4 e3 37. Kf3 1-0

[Event "Frankfurt Ch 2007"]
[Site "Ffm-Kalbach, LAZ"]
[Date "2007.05.21"]
[Round "4.31"]
[White "Kannenberg, Carl-Fr"]
[Black "Kolker, Vladislav"]
[Result "0-1"]
[WhiteElo "1972"]
[BlackElo "2112"]
[PlyCount "62"]
[EventDate "2007.??.??"]

1. e4 c5 2. Nf3 d6 3. Bb5+ Nc6 4. O-O e5 5. c3 Nf6 6. d4 Qc7 7. d5 a6 8. Bd3
Na7 9. Nbd2 Be7 10. h3 O-O 11. Re1 b5 12. b3 g6 13. Nf1 Nh5 14. Ne3 Nf4 15. Bf1
f5 16. g3 fxe4 17. gxf4 exf4 18. Ng4 Bxg4 19. Rxe4 Bf5 20. Re1 Bf6 21. Qd2 Qg7
22. Bb2 b4 23. Rac1 Nb5 24. Qxf4 bxc3 25. Ba1 Rad8 26. Re3 Bd4 27. Bxb5 axb5
28. Bxc3 Bxc3 29. Rcxc3 Bd3 30. Qh4 Qxc3 31. Re7 h5 0-1

[Event "Frankfurt Ch 2007"]
[Site "Ffm-Kalbach, LAZ"]
[Date "2007.05.21"]
[Round "4.32"]
[White "Klyszcz, Michael"]
[Black "Kutschera, Julian"]
[Result "1-0"]
[WhiteElo "2037"]
[BlackElo "1846"]
[PlyCount "91"]
[EventDate "2007.??.??"]

1. Nf3 d5 2. d4 c6 3. c3 Nf6 4. Qc2 e6 5. Bg5 Nbd7 6. Nbd2 Be7 7. e3 O-O 8. Bd3
c5 9. Qb1 h6 10. Bh4 b6 11. O-O Bb7 12. Re1 a6 13. Qd1 b5 14. Rc1 c4 15. Bb1 a5
16. Qc2 a4 17. Ne5 Ne4 18. Bxe7 Qxe7 19. f3 Nef6 20. Nxd7 Qxd7 21. e4 dxe4 22.
Nxe4 Bxe4 23. fxe4 g6 24. e5 Nd5 25. Qd2 Kg7 26. Rf1 Qd8 27. Be4 Ra7 28. a3 Qg5
29. Qxg5 hxg5 30. Bxd5 exd5 31. Rf6 Rd8 32. Rb6 Rdd7 33. Rf1 f5 34. exf6+ Kf7
35. Re1 Rab7 36. Ree6 Rdc7 37. Rxb7 Rxb7 38. Rd6 Rb8 39. Kf2 Rb7 40. Kf3 Rb8
41. h3 Rb7 42. Kg4 Rb8 43. Kxg5 Rb7 44. Rxd5 Ke6 45. Re5+ Kf7 46. Re7+ 1-0

[Event "Frankfurt Ch 2007"]
[Site "Ffm-Kalbach, LAZ"]
[Date "2007.05.21"]
[Round "4.33"]
[White "Müller, Pascal"]
[Black "Genis, Roy"]
[Result "1/2-1/2"]
[WhiteElo "2033"]
[BlackElo "1895"]
[PlyCount "162"]
[EventDate "2007.??.??"]

1. e4 e5 2. Nf3 Nc6 3. c3 Nf6 4. d4 d5 5. Nxe5 Nxe5 6. dxe5 Nxe4 7. Be2 Bc5 8.
O-O O-O 9. Nd2 Bf5 10. Nb3 Bb6 11. Nd4 Be6 12. Bd3 Nc5 13. Bc2 Qe7 14. f4 f6
15. Qe2 fxe5 16. Qxe5 Qf6 17. Qxf6 Rxf6 18. f5 Bd7 19. Bg5 Rf7 20. Rae1 Ne4 21.
Bxe4 dxe4 22. g4 g6 23. fxg6 Rxf1+ 24. Kxf1 Rf8+ 25. Kg1 Bxg4 26. gxh7+ Kxh7
27. Rxe4 Bh3 28. Rh4+ Kg6 29. Rxh3 Kxg5 30. Kg2 Bxd4 31. cxd4 Rd8 32. Rd3 c5
33. d5 c4 34. Rd4 b5 35. d6 Kf6 36. Kf3 a5 37. d7 Ke5 38. Ke3 b4 39. Rxc4 Rxd7
40. Rc5+ Kd6 41. Rxa5 Rh7 42. Rb5 Rxh2 43. Rxb4 Kc5 44. a3 Rh3+ 45. Kd2 Rh2+
46. Kc3 Rh3+ 47. Kc2 Rh2+ 48. Kb3 Rh3+ 49. Ka2 Rh2 50. Rb8 Kc6 51. a4 Kc7 52.
Rb4 Kc6 53. Ka3 Rh3+ 54. b3 Rh8 55. Rc4+ Kb6 56. Kb4 Rb8 57. a5+ Ka6+ 58. Ka4
Rh8 59. b4 Rh1 60. Rc6+ Ka7 61. Kb5 Rh5+ 62. Rc5 Rh8 63. Rc7+ Kb8 64. Kb6 Rh4
65. b5 Rh6+ 66. Rc6 Rh7 67. a6 Rh8 68. Rd6 Ka8 69. Kc6 Rc8+ 70. Kd7 Rh8 71. b6
Rh7+ 72. Kc6 Rh8 73. Kc7 Rc8+ 74. Kd7 Rh8 75. Re6 Rh7+ 76. Re7 Rh8 77. Re8+
Rxe8 78. Kxe8 Kb8 79. Kd7 Ka8 80. b7+ Kb8 81. a7+ Kxb7 1/2-1/2

[Event "Frankfurt Ch 2007"]
[Site "Ffm-Kalbach, LAZ"]
[Date "2007.05.21"]
[Round "4.34"]
[White "Penzel, Nils"]
[Black "Tews, Artur"]
[Result "1-0"]
[WhiteElo "2002"]
[BlackElo "1742"]
[PlyCount "101"]
[EventDate "2007.??.??"]

1. d4 e6 2. c4 d5 3. Nf3 Nf6 4. g3 Be7 5. Bg2 O-O 6. O-O Na6 7. Qc2 Nb4 8. Qb3
a5 9. a3 a4 10. Qd1 Nc6 11. Nc3 dxc4 12. e4 Bd7 13. Qe2 Na5 14. Bf4 Nb3 15.
Rad1 b5 16. d5 Qc8 17. dxe6 fxe6 18. Ne5 Be8 19. Bh3 c5 20. Nd5 Ra7 21. Nf3 Bh5
22. Nxe7+ Rxe7 23. Bd6 Ree8 24. Bxf8 Rxf8 25. e5 Ne8 26. g4 Bg6 27. Rfe1 Bd3
28. Qe3 Bc2 29. Rd6 Nxd6 30. exd6 Re8 31. g5 Qd8 32. d7 Qxd7 33. Bxe6+ Rxe6 34.
Qxe6+ Qxe6 35. Rxe6 Nd4 36. Nxd4 cxd4 37. Kf1 Bd3+ 38. Ke1 c3 39. bxc3 Bc4 40.
Rc6 d3 41. Kd2 Kf7 42. Ke3 Ke7 43. Rc7+ Kf8 44. Rd7 Be6 45. Rxd3 Kf7 46. Rd6
Bc4 47. Ke4 Bf1 48. Ke5 Ke7 49. Rb6 Kf7 50. f4 g6 51. Rb7+ 1-0

[Event "Frankfurt Ch 2007"]
[Site "Ffm-Kalbach, LAZ"]
[Date "2007.05.21"]
[Round "4.35"]
[White "Calvi, Stefan"]
[Black "Geringer, Waldemar"]
[Result "0-1"]
[WhiteElo "1909"]
[BlackElo "1862"]
[PlyCount "54"]
[EventDate "2007.??.??"]

1. e4 c5 2. c3 d5 3. exd5 Qxd5 4. d4 Nf6 5. Nf3 Bg4 6. Be2 e6 7. O-O Nc6 8. h3
Bh5 9. Be3 cxd4 10. cxd4 Rc8 11. Nc3 Qd6 12. Qb3 Qb4 13. Qc2 Bg6 14. Bd3 Bxd3
15. Qxd3 Be7 16. Rfd1 O-O 17. Rd2 a6 18. Rad1 Rfd8 19. Qe2 Nd5 20. Rd3 Qa5 21.
a3 Qc7 22. g3 b5 23. b4 Ncxb4 24. Nxd5 Nxd5 25. Rc1 Qa5 26. Ne5 Bxa3 27. Nc6
Qb6 0-1

[Event "Frankfurt Ch 2007"]
[Site "Ffm-Kalbach, LAZ"]
[Date "2007.05.21"]
[Round "4.36"]
[White "Plattner, Rolf"]
[Black "Göbel, Andreas"]
[Result "0-1"]
[WhiteElo "1916"]
[BlackElo "2063"]
[PlyCount "100"]
[EventDate "2007.??.??"]

1. d4 d5 2. Nf3 c6 3. Bf4 Bf5 4. e3 e6 5. Be2 Nf6 6. Ne5 Nbd7 7. g4 Bg6 8. h4
h6 9. Nxg6 fxg6 10. Qd3 Kf7 11. h5 g5 12. Bh2 Be7 13. Qg6+ Kg8 14. O-O Qe8 15.
Qd3 g6 16. hxg6 Kg7 17. Nd2 Qxg6 18. Qxg6+ Kxg6 19. Nf3 Nxg4 20. Bg3 Ndf6 21.
Bd3+ Kg7 22. Ne5 Nxe5 23. Bxe5 Kf7 24. f4 Rag8 25. f5 h5 26. fxe6+ Kxe6 27.
Bf5+ Kf7 28. Rf2 Rh6 29. Raf1 Ke8 30. Bxf6 Rxf6 31. Bc8 Rxf2 32. Rxf2 b6 33.
Bb7 Rg6 34. Bc8 Rg7 35. Be6 Bd6 36. Bf5 Ke7 37. Kg2 g4 38. e4 dxe4 39. Bxe4 c5
40. Re2 h4 41. c3 h3+ 42. Kg1 Kf6 43. Rf2+ Kg5 44. Rf5+ Kh4 45. Rf6 Bc7 46. d5
Kg3 47. Kf1 Be5 48. Rf5 Bf4 49. c4 Re7 50. Bh1 Bd2 0-1

[Event "Frankfurt Ch 2007"]
[Site "Ffm-Kalbach, LAZ"]
[Date "2007.05.21"]
[Round "4.37"]
[White "Rondio, Thomas"]
[Black "Cors, Heinz-Friedrich"]
[Result "1/2-1/2"]
[WhiteElo "1689"]
[BlackElo "2008"]
[PlyCount "47"]
[EventDate "2007.??.??"]

1. e4 e5 2. Nf3 Nc6 3. Bb5 a6 4. Ba4 Nf6 5. O-O Be7 6. Re1 b5 7. Bb3 O-O 8. c3
d5 9. exd5 Nxd5 10. Nxe5 Nxe5 11. Rxe5 c6 12. d4 Bd6 13. Re1 Qh4 14. g3 Qh3 15.
Be3 Bg4 16. Qd3 Rae8 17. Nd2 Re6 18. Qf1 Qh5 19. a4 f5 20. f4 Rfe8 21. axb5
axb5 22. Bf2 Re2 23. Qg2 Qf7 24. Nf3 1/2-1/2

[Event "Frankfurt Ch 2007"]
[Site "Ffm-Kalbach, LAZ"]
[Date "2007.05.21"]
[Round "4.38"]
[White "Jung, Bernd"]
[Black "Kohlbruch, Jens"]
[Result "0-1"]
[WhiteElo "1676"]
[BlackElo "1880"]
[PlyCount "114"]
[EventDate "2007.??.??"]

1. e4 Nf6 2. Nc3 d5 3. e5 Nfd7 4. e6 fxe6 5. d4 g6 6. Nf3 Bg7 7. Ng5 Nf6 8. Bd3
Nc6 9. Bf4 Nh5 10. Be3 e5 11. Qf3 Nf6 12. Bb5 e4 13. Qf4 O-O 14. Qh4 a6 15. Ba4
e6 16. Ne2 Ne7 17. g4 Qd6 18. c3 h6 19. Nh3 g5 20. Nxg5 hxg5 21. Bxg5 Ng6 22.
Qh3 Nh7 23. Bh6 e5 24. O-O-O Nf4 25. Bxf4 exf4 26. Qh5 f3 27. Ng3 Qf4+ 28. Kb1
Nf6 29. Qh3 Qxg4 30. Qf1 Qf4 31. Rg1 Be6 32. Nh1 Kf7 33. h3 Rh8 34. Rg3 Nh5 35.
Rg1 Qf6 36. Qe1 b5 37. Bc2 Nf4 38. Ng3 Ng2 39. Qf1 Bxh3 40. Bxe4 dxe4 41. Nxe4
Bf5 42. Qd3 Bxe4 43. Qxe4 Qg6 44. Qxg6+ Kxg6 45. d5 Be5 46. Rde1 Kf5 47. Rd1
Nf4 48. Kc2 Rag8 49. Rg3 Rxg3 50. fxg3 Rh2+ 51. Kb3 Ne2 52. a4 Nxg3 53. axb5
axb5 54. d6 cxd6 55. c4 bxc4+ 56. Ka2 Rxb2+ 57. Ka3 f2 0-1

[Event "Frankfurt Ch 2007"]
[Site "Ffm-Kalbach, LAZ"]
[Date "2007.05.21"]
[Round "4.39"]
[White "Hausmann, Hans-Ulrich"]
[Black "Stricker, Konstantin"]
[Result "1-0"]
[WhiteElo "1966"]
[BlackElo "1688"]
[PlyCount "61"]
[EventDate "2007.??.??"]

1. d4 Nf6 2. c4 e6 3. Nc3 d5 4. cxd5 Nxd5 5. e4 Nxc3 6. bxc3 c5 7. Nf3 Be7 8.
Bc4 O-O 9. O-O Qc7 10. Bb3 Nd7 11. Bg5 Bxg5 12. Nxg5 Nf6 13. e5 Nd5 14. Qd3 g6
15. Ne4 Nb6 16. Nxc5 Rd8 17. Qg3 Nd5 18. Rae1 b6 19. Ne4 Ne7 20. Qh4 Kg7 21.
Qf6+ Kg8 22. Nd6 Rxd6 23. exd6 Qxd6 24. Qf3 Nc6 25. Qg3 Qd7 26. d5 exd5 27. Rd1
Ne7 28. Bxd5 Nxd5 29. c4 Nc3 30. Qxc3 Qc6 31. Rd8+ 1-0

[Event "Frankfurt Ch 2007"]
[Site "Ffm-Kalbach, LAZ"]
[Date "2007.05.21"]
[Round "4.40"]
[White "Arnold, Michael"]
[Black "Ruebsamen, Dietmar"]
[Result "1/2-1/2"]
[WhiteElo "1614"]
[BlackElo "1842"]
[PlyCount "60"]
[EventDate "2007.??.??"]

1. d4 d5 2. Nf3 e6 3. e3 c6 4. Bd3 f5 5. Ne5 Nf6 6. Nd2 Bd6 7. f4 O-O 8. Ndf3
Bd7 9. O-O Be8 10. Bd2 Bh5 11. Qe1 Ne4 12. c4 Nxd2 13. Qxd2 Bxf3 14. Nxf3 b6
15. cxd5 cxd5 16. Rac1 Nd7 17. Rc6 Nf6 18. Rfc1 Qe7 19. R1c2 Rad8 20. Qc1 h6
21. Ne5 Kh7 22. Rc8 Qe8 23. Rxd8 Qxd8 24. Qe1 Bxe5 25. fxe5 Ne4 26. Bxe4 fxe4
27. Qg3 Qd7 28. h3 Rf7 29. b3 Rf5 30. Rf2 Rxf2 1/2-1/2

[Event "Frankfurt Ch 2007"]
[Site "Ffm-Kalbach, LAZ"]
[Date "2007.05.21"]
[Round "4.41"]
[White "Meiser, Nicolas"]
[Black "Djakow, Alexander"]
[Result "0-1"]
[WhiteElo "1214"]
[BlackElo "1813"]
[PlyCount "122"]
[EventDate "2007.??.??"]

1. d4 d5 2. e3 Nf6 3. Bd3 e6 4. Nf3 c5 5. c3 Bd6 6. Nbd2 Nc6 7. O-O O-O 8. e4
dxe4 9. Nxe4 Nxe4 10. Bxe4 Qc7 11. dxc5 Bxc5 12. Re1 e5 13. Be3 Bd6 14. Qc2 f5
15. Bd5+ Kh8 16. Ng5 e4 17. h3 Nb4 18. Qb3 Nd3 19. Red1 Ne5 20. Ne6 Bxe6 21.
Bxe6 f4 22. Bd4 f3 23. Bxe5 Bxe5 24. Rd7 Bh2+ 25. Kh1 fxg2+ 26. Kxg2 Qf4 27.
Bf7 e3 28. fxe3 Qg3+ 29. Kh1 Qxh3 30. Qe6 Qh4 31. Rd4 Bf4+ 32. Kg2 Qg3+ 33. Kf1
Qf3+ 34. Ke1 Bxe3 35. Rd3 Qf2+ 36. Kd1 Rad8 37. Qe4 Qf1+ 38. Kc2 Qe2+ 39. Kb3
Qxd3 40. Qxd3 Rxd3 41. Bc4 Rd6 42. Re1 Bh6 43. Re7 g5 44. Be2 Rd2 45. a3 Rxe2
46. Rxe2 g4 47. Rg2 Rg8 48. a4 Be3 49. Kc2 h5 50. Kd3 Bb6 51. b4 Kg7 52. a5 Bd8
53. Ke4 Kg6 54. Rd2 g3 55. Kf3 h4 56. Rd6+ Kf5 57. Kg2 Kg4 58. Rd7 Rf8 59. Rxb7
Rf2+ 60. Kg1 Bf6 61. Rd7 Kf3 0-1

[Event "Frankfurt Ch 2007"]
[Site "Ffm-Kalbach, LAZ"]
[Date "2007.05.21"]
[Round "4.42"]
[White "Gauf, Wolfgang"]
[Black "Frank, Dieter"]
[Result "1-0"]
[WhiteElo "1808"]
[BlackElo "1505"]
[PlyCount "99"]
[EventDate "2007.??.??"]

1. e4 d5 2. exd5 Qxd5 3. Nc3 Qa5 4. Rb1 Nf6 5. b4 Qb6 6. d3 c6 7. Be3 Qc7 8. g3
Bf5 9. Bg2 e6 10. Nge2 Nbd7 11. O-O Nb6 12. b5 Nbd5 13. bxc6 bxc6 14. Nxd5 Nxd5
15. Bd4 e5 16. Ba1 Be7 17. Nc3 Rd8 18. Re1 Nxc3 19. Bxc3 f6 20. Qf3 Bd7 21.
Qh5+ g6 22. Qh6 Bf8 23. Qd2 Kf7 24. Ba5 Qc8 25. Bxd8 Qxd8 26. Rb7 Kg8 27. Qc3
Qc8 28. Qc4+ Be6 29. Qxc6 Qxc6 30. Bxc6 Bc5 31. Reb1 Bb6 32. a4 Bc8 33. Bd5+
Kf8 34. Rb8 Ke7 35. Bb7 Kd7 36. Rxc8 Rxc8 37. Bxc8+ Kxc8 38. Rb5 Kc7 39. a5 Bd4
40. c3 Kc6 41. Rb8 Bc5 42. Kg2 a6 43. Kf3 f5 44. Ke2 Kc7 45. Rh8 Kc6 46. Rxh7
Kb5 47. Rg7 Kxa5 48. Rxg6 Bb6 49. h4 Kb5 50. h5 1-0

[Event "Frankfurt Ch 2007"]
[Site "Ffm-Kalbach, LAZ"]
[Date "2007.05.21"]
[Round "4.46"]
[White "Fernandez-Egea, Andres"]
[Black "Bongardt, Torsten"]
[Result "1-0"]
[WhiteElo "2043"]
[BlackElo "1340"]
[PlyCount "47"]
[EventDate "2007.??.??"]

1. e4 c6 2. g3 d5 3. Bg2 dxe4 4. Bxe4 Nf6 5. Bg2 e5 6. d3 Be7 7. Nf3 e4 8. Ng5
exd3 9. O-O O-O 10. cxd3 h6 11. Ne4 Bf5 12. Nbc3 Re8 13. Be3 Nbd7 14. Qc2 Ne5
15. d4 Nc4 16. Nxf6+ Bxf6 17. Qxf5 Nxe3 18. fxe3 Rxe3 19. Rad1 Qb6 20. Rd2 Bxd4
21. Qxf7+ Kh8 22. Kh1 Rae8 23. Be4 Bf6 24. Qxe8# 1-0

[Event "Frankfurt Ch 2007"]
[Site "Ffm-Kalbach, LAZ"]
[Date "2007.05.21"]
[Round "4.47"]
[White "Matthis, Peter"]
[Black "Kletzerman, Simon"]
[Result "1-0"]
[WhiteElo "1785"]
[BlackElo "1534"]
[PlyCount "69"]
[EventDate "2007.??.??"]

1. e4 e5 2. Nf3 Nc6 3. Bb5 Nf6 4. O-O d6 5. d4 exd4 6. Nxd4 Bd7 7. Re1 Nxd4 8.
Bxd7+ Qxd7 9. Qxd4 c5 10. Qd3 Be7 11. c4 O-O 12. h3 Qc6 13. Nc3 Nd7 14. Nd5 Bd8
15. Bf4 Ne5 16. Qc3 f6 17. b3 Kh8 18. Rad1 a5 19. a4 Rf7 20. Rd2 Bc7 21. Red1
Rd8 22. Qe3 Bb8 23. Nc3 Qe8 24. Qxc5 g5 25. Bg3 Bc7 26. Qa3 Qe6 27. Nb5 Bb8 28.
Nxd6 Rfd7 29. Bxe5 fxe5 30. Nf7+ Qxf7 31. Rxd7 Rxd7 32. Rxd7 Qe8 33. Rxb7 Kg8
34. Qc5 Qd8 35. Qd5+ 1-0

[Event "Frankfurt Ch 2007"]
[Site "Ffm-Kalbach, LAZ"]
[Date "2007.05.21"]
[Round "4.48"]
[White "Krohne, Robert"]
[Black "Vogelgesang, Marc"]
[Result "1-0"]
[WhiteElo "1785"]
[BlackElo "1520"]
[PlyCount "75"]
[EventDate "2007.??.??"]

1. e4 c5 2. Nf3 Nc6 3. d4 cxd4 4. Nxd4 g6 5. Nc3 Bg7 6. Be3 Nf6 7. Be2 O-O 8.
O-O d5 9. exd5 Nxd5 10. Nxd5 Qxd5 11. Bf3 Qd7 12. Nxc6 bxc6 13. c3 Rb8 14. Qc2
Qc7 15. Rfd1 Be6 16. b3 Rfc8 17. Rd2 Bf5 18. Qb2 Kf8 19. Rad1 Be6 20. Qc2 Kg8
21. Bd4 Qb7 22. Bxg7 Kxg7 23. Qe4 Qc7 24. Qd4+ Kg8 25. Bg4 Bxg4 26. Qxg4 Rd8
27. Rd7 Rxd7 28. Rxd7 Qc8 29. Qd4 Qe8 30. Qxa7 Rd8 31. Rxd8 Qxd8 32. Qd4 Qa5
33. a4 Qf5 34. Qd1 Qe5 35. Qd8+ Kg7 36. Qd4 Kf6 37. a5 Ke6 38. Qxe5+ 1-0

[Event "Frankfurt Ch 2007"]
[Site "Ffm-Kalbach, LAZ"]
[Date "2007.05.21"]
[Round "4.49"]
[White "Rotermund, Verena"]
[Black "Wenzel, Bernd"]
[Result "1-0"]
[WhiteElo "1784"]
[BlackElo "1481"]
[PlyCount "57"]
[EventDate "2007.??.??"]

1. e4 d6 2. d4 e6 3. f4 Nf6 4. Nc3 Be7 5. Bd3 d5 6. e5 Nfd7 7. Nf3 c5 8. O-O
cxd4 9. Nxd4 Bc5 10. Nce2 Nc6 11. c3 Qb6 12. Bc2 Bxd4+ 13. Nxd4 Nxd4 14. cxd4
g6 15. b3 f5 16. Ba3 Qa6 17. Bd6 Nb8 18. Bd3 b5 19. a4 Qb6 20. Bxb5+ Bd7 21.
Rc1 Nc6 22. Bc5 Qb7 23. Rf3 a6 24. Be2 Rc8 25. Rfc3 Kf7 26. Qe1 Nb4 27. Qh4 Nc6
28. Qf6+ Kg8 29. Rg3 1-0

[Event "Frankfurt Ch 2007"]
[Site "Ffm-Kalbach, LAZ"]
[Date "2007.05.21"]
[Round "4.50"]
[White "Orlinski, Wolfgang"]
[Black "Knott, Tilo"]
[Result "1-0"]
[WhiteElo "1767"]
[BlackElo "1480"]
[PlyCount "55"]
[EventDate "2007.??.??"]

1. c4 f5 2. Nf3 g6 3. Nc3 Bg7 4. d4 d6 5. e4 c6 6. Bd3 fxe4 7. Nxe4 Nh6 8. O-O
O-O 9. h3 Nd7 10. Neg5 Nf6 11. Qe2 Nf7 12. Nxf7 Rxf7 13. Ng5 Rf8 14. Ne6 Bxe6
15. Qxe6+ Kh8 16. Re1 Rc8 17. Qxe7 Rc7 18. Qxd8 Rxd8 19. Bg5 Re8 20. Rxe8+ Nxe8
21. Re1 Nf6 22. Re6 Rf7 23. Rxd6 Nh5 24. Rd8+ Bf8 25. Bh6 Ng7 26. c5 Ne6 27.
Rb8 Nf4 28. Bxf8 1-0

[Event "Frankfurt Ch 2007"]
[Site "Ffm-Kalbach, LAZ"]
[Date "2007.05.21"]
[Round "4.51"]
[White "Winter, Olaf"]
[Black "Makilla, Tobias"]
[Result "1-0"]
[WhiteElo "1571"]
[BlackElo "1923"]
[PlyCount "109"]
[EventDate "2007.??.??"]

1. c4 e5 2. Nc3 g6 3. g3 Bg7 4. Bg2 Nc6 5. a3 a5 6. e3 Nf6 7. Nge2 d6 8. d3 O-O
9. O-O Bd7 10. b3 Qc8 11. Qd2 Bh3 12. Bb2 Bxg2 13. Kxg2 Qd7 14. Rad1 Rae8 15.
h3 Qf5 16. Nb5 Re7 17. e4 Qd7 18. f4 exf4 19. Nxf4 Ne5 20. Qxa5 c6 21. Nd4 Rd8
22. Nf3 Nxf3 23. Rxf3 d5 24. e5 Ne8 25. Qe1 dxc4 26. bxc4 Nc7 27. Re3 Ne6 28.
d4 Bh6 29. Nxe6 Qxe6 30. Rc3 Red7 31. Qe4 f6 32. Rcd3 fxe5 33. dxe5 Bg7 34.
Rxd7 Rxd7 35. Rxd7 Qxd7 36. Bd4 Qe6 37. Qd3 Qe7 38. Qe3 Qe6 39. Qd3 Kf7 40. Qe3
Kf8 41. c5 Kg8 42. g4 Bf8 43. Kf3 Bg7 44. Ke2 Kf7 45. Kf3 Qd5+ 46. Kf4 Ke6 47.
g5 Bh8 48. h4 Bg7 49. Qh3+ Ke7 50. Qe3 Ke6 51. Qc3 Bh8 52. Qb2 Qc4 53. Ke3 Qf1
54. Qb3+ Kf5 55. Qf7+ 1-0

[Event "Frankfurt Ch 2007"]
[Site "Ffm-Kalbach, LAZ"]
[Date "2007.05.21"]
[Round "4.52"]
[White "El-Lawindy, Asem"]
[Black "Winand, Edgar"]
[Result "0-1"]
[WhiteElo "1526"]
[BlackElo "1723"]
[PlyCount "36"]
[EventDate "2007.??.??"]

1. d4 g6 2. Nf3 Bg7 3. Nbd2 d6 4. e4 Nc6 5. c3 e5 6. Nb3 exd4 7. Nbxd4 Qe7 8.
Bd3 Nxd4 9. Nxd4 f5 10. O-O fxe4 11. Bxe4 Nf6 12. Bf3 O-O 13. Re1 Qf7 14. Qb3
d5 15. Bg5 c6 16. Re2 Bg4 17. Bxg4 Nxg4 18. Re7 Qxf2+ 0-1

[Event "Frankfurt Ch 2007"]
[Site "Ffm-Kalbach, LAZ"]
[Date "2007.05.21"]
[Round "4.53"]
[White "Gehlhar, Michael"]
[Black "Stulken, Dietmar"]
[Result "1/2-1/2"]
[WhiteElo "1712"]
[BlackElo "1339"]
[PlyCount "87"]
[EventDate "2007.??.??"]

1. Nf3 d5 2. c4 c6 3. g3 Bf5 4. Bg2 Nf6 5. b3 e6 6. O-O Bd6 7. cxd5 cxd5 8. Bb2
Nbd7 9. d3 Bc7 10. Ba3 Nb6 11. Nbd2 Bd6 12. Bb2 O-O 13. Rc1 Rc8 14. Rxc8 Nxc8
15. Qa1 Be7 16. Rc1 Ne8 17. Rc2 Bf6 18. Ne5 Bxe5 19. Bxe5 f6 20. Bb2 Ned6 21.
Qc1 Qd7 22. Rc7 Qd8 23. Rc2 Qd7 24. Ba3 Rf7 25. e4 dxe4 26. Nxe4 Bxe4 27. dxe4
Rf8 28. Rd2 Rd8 29. f4 Qe8 30. Qd1 Nf7 31. Rxd8 Nxd8 32. Qc2 Ne7 33. Qc7 Nec6
34. Qd6 Nf7 35. Qc7 Qb8 36. Qxb8+ Nxb8 37. Bf1 Nd8 38. Bc4 Kf7 39. Kf2 Nbc6 40.
Ke3 a6 41. Bf1 b5 42. Bb2 Nb7 43. Be2 g6 44. Bd3 1/2-1/2

[Event "Frankfurt Ch 2007"]
[Site "Ffm-Kalbach, LAZ"]
[Date "2007.05.21"]
[Round "4.54"]
[White "Popp, Matthias"]
[Black "Stein, Wolfgang"]
[Result "1-0"]
[WhiteElo "1507"]
[BlackElo "1954"]
[PlyCount "59"]
[EventDate "2007.??.??"]

1. d4 Nf6 2. Nf3 e6 3. Bf4 c5 4. c3 Nc6 5. e3 Qb6 6. Qc2 cxd4 7. exd4 d5 8.
Nbd2 Bd7 9. Bd3 Rc8 10. Ne5 Nb4 11. Qb3 Nxd3+ 12. Nxd3 Bb5 13. Ne5 Be7 14. a4
Ba6 15. Qxb6 axb6 16. Bg5 h6 17. Bh4 g5 18. Bg3 Nh5 19. Nf1 Rg8 20. Ng4 Rg6 21.
Kd2 f5 22. Ne5 Rf6 23. f3 Bd6 24. Re1 Ke7 25. h4 Bxf1 26. hxg5 Nxg3 27. gxf6+
Kxf6 28. Rxh6+ Kg5 29. Nf7+ Kf4 30. Rh4# 1-0

[Event "Frankfurt Ch 2007"]
[Site "Ffm-Kalbach, LAZ"]
[Date "2007.05.21"]
[Round "4.55"]
[White "Sallwey, Rainer"]
[Black "Götting, Ulrich"]
[Result "0-1"]
[WhiteElo "1498"]
[BlackElo "1691"]
[PlyCount "95"]
[EventDate "2007.??.??"]

1. d4 Nf6 2. Bg5 Ne4 3. Bf4 d5 4. Nf3 e6 5. e3 Bd6 6. Bxd6 Qxd6 7. c3 b6 8. Bd3
Bb7 9. Nbd2 Nd7 10. Qc2 f5 11. Qa4 O-O 12. O-O Kh8 13. Rfd1 c5 14. Ba6 Bc6 15.
Bb5 Bxb5 16. Qxb5 c4 17. Qa4 a6 18. Qc2 b5 19. Nf1 Qe7 20. Ng3 Nxg3 21. hxg3
Rfb8 22. a3 a5 23. Rdb1 g5 24. Qd2 g4 25. Ne1 Nf6 26. Nc2 Ne4 27. Qe1 Qd6 28.
Rd1 Ra7 29. Rab1 a4 30. Kf1 h5 31. Ke2 Rh7 32. Qh1 h4 33. gxh4 g3 34. f3 Nf2
35. Qe1 Nxd1 36. Rxd1 f4 37. Kd2 Rxh4 38. e4 Rh2 39. Qe2 dxe4 40. fxe4 Rf8 41.
Ne1 Rh6 42. Nf3 Qe7 43. Kc1 Kg7 44. d5 e5 45. Rg1 Rfh8 46. Qe1 Kf6 47. Qd1 Qc5
48. Rf1 0-1

[Event "Frankfurt Ch 2007"]
[Site "Ffm-Kalbach, LAZ"]
[Date "2007.05.21"]
[Round "4.56"]
[White "Götz, Arnold"]
[Black "Kirchmann, Gerhard"]
[Result "1-0"]
[WhiteElo "1671"]
[BlackElo "1276"]
[PlyCount "47"]
[EventDate "2007.??.??"]

1. Nf3 d5 2. e4 dxe4 3. Ng5 Nf6 4. Bc4 e6 5. Nc3 Qd4 6. Qe2 Bc5 7. Nb5 Qe5 8.
d3 c6 9. f4 Bb4+ 10. c3 Qf5 11. Nc7+ Kd7 12. Nxa8 b5 13. Nxf7 Rf8 14. Ne5+ Kd8
15. cxb4 bxc4 16. dxc4 h5 17. Be3 Bb7 18. Qd2+ Nbd7 19. Qd6 Bxa8 20. Bxa7 Ke8
21. O-O Nxe5 22. fxe5 Qg6 23. Qxe6+ Kd8 24. Bb6# 1-0

[Event "Frankfurt Ch 2007"]
[Site "Ffm-Kalbach, LAZ"]
[Date "2007.05.21"]
[Round "4.57"]
[White "Lietzau, Olaf"]
[Black "Honert, Stefan"]
[Result "1/2-1/2"]
[WhiteElo "1665"]
[BlackElo "1263"]
[PlyCount "78"]
[EventDate "2007.??.??"]

1. d4 d5 2. c4 e6 3. Nc3 c5 4. e3 Nf6 5. Nf3 Nc6 6. a3 Bd6 7. Nb5 O-O 8. Nxd6
Qxd6 9. dxc5 Qxc5 10. b4 Qe7 11. Bb2 Rd8 12. Qc2 e5 13. cxd5 Nxd5 14. Be2 e4
15. Nd4 Nxd4 16. Bxd4 Bf5 17. Qb2 Nf6 18. O-O a6 19. Rac1 Rac8 20. Bb6 Rxc1 21.
Rxc1 Rc8 22. Rd1 h6 23. h3 Nd7 24. Bd4 f6 25. Bh5 Ne5 26. Be2 Nd3 27. Qd2 Qc7
28. f3 Qg3 29. Bxd3 exd3 30. Qf2 Qxf2+ 31. Kxf2 Rc2+ 32. Kg3 Ra2 33. e4 Bd7 34.
Rxd3 Bb5 35. Rc3 Bf1 36. Bf2 Kh7 37. h4 h5 38. Re3 g5 39. hxg5 fxg5 1/2-1/2

[Event "Frankfurt Ch 2007"]
[Site "Ffm-Kalbach, LAZ"]
[Date "2007.05.21"]
[Round "4.58"]
[White "Bauer, Alfred"]
[Black "Bittner, Peter"]
[Result "0-1"]
[WhiteElo "1410"]
[BlackElo "1986"]
[PlyCount "78"]
[EventDate "2007.??.??"]

1. e4 c5 2. Nf3 Nc6 3. d4 cxd4 4. Nxd4 e5 5. Nb5 d6 6. Be3 a6 7. N5c3 Nf6 8. f3
Be6 9. Nd2 Be7 10. Bc4 b5 11. Bxe6 fxe6 12. Nb3 O-O 13. Qd2 Qe8 14. O-O-O Rb8
15. h4 a5 16. Kb1 a4 17. Nc1 Na5 18. g4 b4 19. N3e2 Nc4 20. Qd3 Qc6 21. h5 Rfc8
22. Bd2 d5 23. Ng3 Rd8 24. Qe2 Rbc8 25. Bg5 h6 26. Bh4 d4 27. g5 hxg5 28. Bxg5
Rd7 29. h6 g6 30. Qg2 Kh7 31. Rdf1 Ne8 32. f4 Bxg5 33. fxg5 Ne3 34. Qf2 Nxf1
35. Rxf1 Nd6 36. Nd3 Rf7 37. Qxf7+ Nxf7 38. Rxf7+ Kh8 39. Nxe5 Qxc2+ 0-1